000 00632nam a2200229Ia 4500
003 OSt
005 20221007071655.0
006 a|||||r|||| 00| 0
007 ta
008 221006b |||||||| |||| 00| 0 eng d
024 _a13,126
037 _cTextual
040 _aFLL
_cFLL
_beng
041 _2eng
_aeng
082 _aV72:2:N4, H2
100 _aNeuendorff Gwen Au.
_9689199
245 0 _aStudies in the evolution of dominion status
260 _aLondon
_bGeorge Allen & Unwin London
_c1942
300 _a379p
_ccm.
942 _hV72:2:N4, H2
_cTEXL
_2CC
999 _c1143950
_d1143950